Nicaragua año V: transformaciones y tensiones en la economía

Збережено в:
Бібліографічні деталі
Автор: Vilas, Carlos
Формат: Текст
Опубліковано: Panamá
Теги: Додати тег
Немає тегів, Будьте першим, хто поставить тег для цього запису!

MARC

LEADER 00000 a a2200000 04500
001 21583
003
040
090 |a 095800  
100 |a Vilas, Carlos  
245 |a Nicaragua año V: transformaciones y tensiones en la economía  
260 |a Panamá  
300 |a 38 p.  
999 |c 15262  |d 15262